Visualizzazione normale
Vista MARC
- Invernizzi Laura
di Personal Name
Records bibliografici associati: 1
001 - CONTROL NUMBER
- control field: 59930
003 - CONTROL NUMBER IDENTIFIER
- control field:
005 - DATE AND TIME OF LATEST TRANSACTION
- control field: 20230420121613.0
008 - FIXED-LENGTH DATA ELEMENTS
- fixed length control field: 230420|| aca||aabn | a|a d
040 ## - CATALOGING SOURCE
- Original cataloging agency:
- Transcribing agency:
100 ## - HEADING--PERSONAL NAME
- Personal name: Invernizzi Laura
670 ## - SOURCE DATA FOUND
- Source citation: Work cat.: ()359683: Invernizzi Laura, Sara. , 2023